LEADER 00985nam0-2200325---450- 001 990009330850403321 005 20110413141509.0 010 $a978-0-521-14242-7$bpaperback, ristampa digitale 035 $a000933085 035 $aFED01000933085 035 $a(Aleph)000933085FED01 035 $a000933085 100 $a20110316d1977----km-y0itay50------ba 101 0 $aeng 102 $aGB 105 $a--------001yy 200 1 $a<>grammar of Yidin$fR. M. W. Dixon 210 $aCambridge$cCambridge Uuniversity Press$d1977 215 $aXXIII, 563 p.$cill.$d24 cm 225 1 $aCambridge studies in linguistics$v19 610 0 $aLingue australiane aborigene$aLingua yidiny 676 $a499.15 700 1$aDixon,$bRobert Malcolm Ward$f<1939- >$0110045 801 0$aIT$bUNINA$gRICA$2UNIMARC 901 $aBK 912 $a990009330850403321 952 $a499.15 DIX 2$bDip.fil.mod.18182$fFLFBC 959 $aFLFBC 996 $aGrammar of Yidin$9766374 997 $aUNINA LEADER 02544nam0 2200493 i 450 001 CFI0468453 005 20251003044142.0 010 $a8881148471 020 $aIT$b2000-5976 100 $a20011218d1999 ||||0itac50 ba 101 | $aita 102 $ait 181 1$6z01$ai $bxxxe 182 1$6z01$an 200 1 $aReligione e politica nell'episcopato del cardinale Apuzzo, Capua 1871-1880$fAntonio Ianniello$gprefazione di Luciano Orabona 210 $aNapoli [etc.]$cEdizioni scientifiche italiane$d[1999] 215 $a189 p.$d23 cm 225 | $aChiese del Mezzogiorno$v9 300 $aSegue: Appendice. 410 0$1001CFI0305618$12001 $aChiese del Mezzogiorno$v9 606 $aApuzzo, Francesco Saverio Maria$2FIR$3CFIC112766$9I 676 $a282$9CHIESA CATTOLICA$v14 676 $a282.092$9CHIESA CATTOLICA ROMANA. Persone$v21 700 1$aIanniello$b, Antonio$f <1954- >$3CFIV150655$4070$0252384 801 3$aIT$bIT-000000$c20011218 850 $aIT-BN0095 $aIT-CE0014 $aIT-SA0060 $aIT-NA0641 $aIT-CE0011 $aIT-NA0079 $aIT-CE0072 $aIT-CE0009 $aIT-CE0066 $aIT-NA0228 $aIT-NA0189 $aIT-AV0045 $aIT-NA0580 901 $bNAP CV$cBSAGOSTINO$n$ 901 $bNAP CV$cPEZZELLA $n$ 901 $bNAP MV$cE $nDEPOSITO LIBRARIO RELIGIONE SALA E 901 $bNAP BN$cMAGAZZINO $nmagazzini correnti divisi per anni 901 $bNAP PS$cF.ILLIBATO$n$ 901 $bNAP 60$cBIBLIOTECA$nComprende materiale librario di vario argomento 901 $bNAP 24$cF. GEN. $n$ 901 $bNAP 27$cSALA $n$ 901 $bNAP CM$cSALA A $nComprende materiale librario antico 901 $bNAP CE$cBIBL.SOPR.$n$ 901 $bNAP DP$cUDOV $nIn sala Emeroteca Compattato n. 901 $bNAP 01$cPOZZO LIB.$nVi sono collocati fondi di economia, periodici di ingegneria e scienze, periodici di economia e statistica e altri fondi comprendenti documenti di economia pervenuti in dono. 901 $bNAP DO$cSOPPALCO $n$ 912 $aCFI0468453 950 0$aBiblioteca Centralizzata di Ateneo$c1 v.$d 01POZZO LIB.ECON MON 7994$e 01AR 0700305325E VMA 1 v. (Precedente collocazione: (AR) 30 EC 532)$fB $h20140731$i20140731 977 $a 01$a 24$a 27$a 60$a AC$a BN$a CE$a CM$a CV$a DO$a DP$a MV$a PS 996 $aReligione e politica nell'episcopato del cardinale Apuzzo, Capua 1871-1880$963260 997 $aUNISANNIO